| 000 | 00410nam a2200133 i 4500 | ||
|---|---|---|---|
| 001 | 190124 | ||
| 003 | ES-MaACL | ||
| 005 | 20230906223639.0 | ||
| 008 | 200730s1906 sp |||| | spa d | ||
| 245 | 0 | 0 | _aConcursos, actos y festejos celebrados en la villa de Mercadal los dias 2, 3 y 4 de Junio de 1906. |
| 260 |
_aMahón : _bM. Paspal, _c1906. |
||
| 300 |
_a98 p. ; _c23 cm. |
||
| 852 |
_aES-MaACL _jT-1101-F-2 |
||
| 999 |
_c190124 _d190124 |
||